00368nas a2200133 a 4500001001000000003000600010005001700016008004100033022001400074040002100088050002100109245003800130580006600168011084492UkOxU20220317081314.0500101d19811986 u p 0 u0eng d a0260-4639 cALUPE UNIVERSITY aRC600b.A84 198300aClinics in immunology and allergy aContinues as: Immunology and allergy clinics of North America